El alma romántica y el sueño: ensayo sobre el romanticismo alemán y la poesía francesa
Сохранить в:
| Главный автор: | |
|---|---|
| Формат: | |
| Язык: | испанский |
| Опубликовано: |
Ciudad de México
Fondo de Cultura Económica
1954
|
| Серии: | Colección Lengua y Estudios Literarios
|
| Предметы: | |
| Метки: |
Добавить метку
Нет меток, Требуется 1-ая метка записи!
|
MARC
| LEADER | 00000nam a2200000 a 4500 | ||
|---|---|---|---|
| 001 | UCP1672 | ||
| 003 | CL-VaPUC | ||
| 008 | 990426e19540000MX |||||||||||||||||spa|d | ||
| 082 | 0 | 4 | |a 831.09 |b BEG |2 21 |
| 100 | |a Béguin, Albert |e author |9 326309 | ||
| 245 | 1 | 3 | |a El alma romántica y el sueño: ensayo sobre el romanticismo alemán y la poesía francesa |
| 300 | |a 500 p | ||
| 942 | |c BK | ||
| 945 | |d 19990426 00:00:00 |a rbrito | ||
| 260 | |a Ciudad de México |b Fondo de Cultura Económica |c 1954 | ||
| 650 | 7 | |a POESIA ALEMANA |2 CL-VaPUC |9 427853 | |
| 650 | 0 | |a Historia y crítica |9 257407 | |
| 650 | 0 | |a Poesía francesa |9 264947 | |
| 650 | 0 | |a Romanticismo en la literatura |9 313777 | |
| 583 | |a last modification |c 19990426 00:00:00 |k Rodrigo Vera | ||
| 490 | 0 | |a Colección Lengua y Estudios Literarios | |
| 999 | |c 280331 |d 280329 | ||
| 952 | |0 0 |1 0 |2 ddc |4 0 |6 831_090000000000000_BEG_1954 |7 0 |8 A |9 320582 |a BIBART |b BIBART |d 2019-11-20 |i 3518655 |o 831.09 BEG 1954 |p 3518655 |r 2025-03-13 |w 2019-11-20 |y BK |k ART | ||